000 01230nam a2200325 a 4500
001 000008693
003 DO-SdBPM
005 20260225125153.0
007 ta
008 090918s1998 dr c r 000 p spa d
040 _aDO-SdBPM
_bspa
_cBPMSU
_drda
082 0 4 _aRD860.9
_bN124s 1998
_222
100 _aNacidit-Perdomo, Ylonka
_eautor
_4aut.
245 1 0 _aSobreaviso :
_bescritura de mujeres /
_cYlonka Nacidit-Perdomo ; coordinación editorial Catharina Vanderplaats de Vallejo ; edición Aurora Arias.
264 _aMontreal :
_bEditora Búho,
_c1998.
300 _a187 páginas ;
_c18 cm.
_b
336 _atexto
_btxt
_2rdacontent
337 _asin mediación
_bn
_2rdamedia
338 _avolumen
_bnc
_2rdacarrier
490 0 _aVentana
500 _aIncluye referencias bibliográficas y notas al pie de las páginas
590 _aInventariado, 2026/VM
650 7 _aLiteratura dominicana
_xHistoria y crítica
650 7 _aMujeres como autoras
_xHistoria y crítica
700 1 _aVanderplaats de Vallejo, Catharina,
_eeditora
700 1 _aArias, Aurora,
_eeditora
710 1 _aCrítica Candiense Literaria Sobre Escritoras Hispanoamericanas
910 _aVMateo V. Control de calidad. BPMSU
942 _2ddc
_cBK
999 _c15737
_d15737